[Event "WTCC-65 2018"]
[Site "Radebeul"]
[Date "2018.07.14"]
[Round "8"]
[White "Bernard, Christophe"]
[Black "Malmdin, Nils Ake"]
[Result "1/2-1/2"]
[WhiteElo "2253"]
[BlackElo "2138"]
[Annotator "NA"]
[PlyCount "120"]
[EventDate "2018.07.07"]
[EventType "team-tourn"]
[EventCountry "GER"]
[SourceTitle "playchess.com"]
[Source "ChessBase"]
[SourceQuality "1"]
[TimeControl "40/5400+30:1800+30"]

1. d4 {[%emt 0:00:00]} Nf6 {[%emt 0:00:12]} 2. Nf3 {[%emt 0:00:00]} e6 {[%emt 0:01:43]} 3. c4 {[%emt 0:00:20]} c5 {[%emt 0:00:10]} 4. d5 {[%emt 0:05:05]} exd5 {[%emt 0:00:13]} 5. cxd5 {[%emt 0:00:03]} d6 {[%emt 0:00:23]} 6. Nc3 {[%emt 0:00:03]} g6 {[%emt 0:00:28]} 7. e4 {[%emt 0:00:37]} Bg7 {[%emt 0:00:47]} 8. h3 {[%emt 0:00:36]} O-O {[%emt 0:01:46]} 9. Bd3 {[%emt 0:05:43]} a6 {[%emt 0:06:06]} 10. a4 {[%emt 0:00:31]} Re8 {[%emt 0:00:49]} 11. O-O {[%emt 0:00:35]} Nbd7 {[%emt 0:04:08]} 12. Re1 {[%emt 0:01:52]} Qe7 {[%emt 0:21:09]} 13. Bf4 {[%emt 0:12:50]} Nh5 {[%emt 0:01:23] A70: Modern Benoni: 6 e4 g6 7 Nf3} 14. Bg5 {[%emt 0:00:31]} (14. Bh2 Rb8 15. g4 Nhf6 16. e5 dxe5 17. Nxe5 Nxe5 18. Rxe5 Qxe5 19. Bxe5 Rxe5 20. Qb3 h5 21. Qb6 {0-1 (47) Radjabov,T (2747)-Ivanchuk,V (2729) Odessa 2007}) 14... Bf6 {[%emt 0:02:02] LiveBook: 8 Games} 15. Bd2 {[%emt 0:02:50]} Ne5 {[%emt 0:06:59]} 16. Be2 {[%emt 0:00:09]} Nxf3+ {[%emt 0:06:48]} 17. Bxf3 {[%emt 0:00:09]} Ng7 {[%emt 0:00:10]} 18. Qc2 $146 {[%emt 0:03:19]} ({Predecessor:} 18. a5 Be5 19. Na4 Bd7 20. Nb6 Rad8 21. Nc4 {1-0 (44) Villeneuve,A (2345)-Lecuyer,C (2310) France 1991}) 18... Rb8 {[%emt 0:01:33]} 19. a5 {[%emt 0:03:50]} Be5 {[%emt 0:12:06]} 20. Na4 {[%emt 0:06:24]} Bd7 {[%emt 0:08:34]} 21. Nb6 {[%emt 0:01:28]} Bb5 {[%emt 0:00:25]} 22. Bc3 {[%emt 0:01:12]} Qf6 {[%emt 0:01:49]} 23. Rac1 {[%emt 0:03:20]} Qf4 {[%emt 0:03:16]} 24. Bxe5 {[%emt 0:00:15]} Rxe5 {[%emt 0:02:19]} 25. Qc3 {[%emt 0:02:51]} Qh6 {[%emt 0:02:44]} 26. b4 {[%emt 0:01:18]} Rbe8 {[%emt 0:04:08]} 27. bxc5 {[%emt 0:06:33]} dxc5 {[%emt 0:00:16]} 28. d6 {[%emt 0:06:54]} Qg5 {[%emt 0:02:48]} 29. Nd5 {[%emt 0:01:38]} Qd8 {[%emt 0:00:44]} 30. Ne7+ {[%emt 0:00:18]} R8xe7 {[%emt 0:00:06]} 31. dxe7 {[%emt 0:00:11]} Qxe7 {[%emt 0:00:21]} 32. Red1 {[%emt 0:00:08]} Bc6 {[%emt 0:01:08]} 33. g3 {[%emt 0:17:39]} Ne8 {[%emt 0:01:32]} 34. Bg2 {[%emt 0:00:21]} h5 {[%emt 0:02:19]} 35. f4 {[%emt 0:01:35]} Rxe4 {[%emt 0:01:03]} 36. Re1 {[%emt 0:01:08]} Nf6 {[%emt 0:00:20]} 37. Bxe4 {[%emt 0:00:48]} Nxe4 {[%emt 0:00:12]} 38. Qe5 {[%emt 0:01:37]} Qd7 {[%emt 0:02:33]} 39. Rcd1 {[%emt 0:06:02]} Nd2 {[%emt 0:00:39]} 40. Qe8+ {[%emt 0:00:08]} Qxe8 {[%emt 0:00:38]} 41. Rxe8+ {[%emt 0:30:02]} Bxe8 {[%emt 0:30:01]} 42. Rxd2 {[%emt 0:00:01]} Bb5 {[%emt 0:01:16]} 43. Rd8+ {[%emt 0:00:11]} Kg7 {[%emt 0:00:21]} 44. Rd5 {[%emt 0:00:18]} c4 {[%emt 0:00:42]} 45. Kf2 {[%emt 0:00:01]} Kf6 {[%emt 0:00:00]} 46. Ke3 {[%emt 0:00:00]} Ke6 {[%emt 0:00:00]} 47. Kd4 {[%emt 0:00:00]} Ke7 {[%emt 0:00:00]} 48. h4 {[%emt 0:00:00]} f6 $2 {[%emt 0:00:00]} (48... c3 49. Re5+ (49. Kxc3 Bc6 $16) 49... Kd6 50. Kxc3 Bc6) 49. Rc5 {[%emt 0:00:00]} Ke6 {[%emt 0:00:00]} 50. Rc7 {[%emt 0:00:00]} Bc6 {[%emt 0:00:00]} 51. Kxc4 {[%emt 0:00:00]} Kf5 {[%emt 0:00:59]} 52. Rg7 {[%emt 0:00:00]} Be4 {[%emt 0:00:13]} 53. Kd4 {[%emt 0:00:00]} Bf3 $1 $11 {[%emt 0:00:33] und Schwarz ist OK.} 54. Kc5 {[%emt 0:00:00]} Be4 {[%emt 0:00:36]} 55. Re7 {[%emt 0:00:00]} Bf3 {[%emt 0:00:37]} 56. Rg7 {[%emt 0:00:00]} Be4 {[%emt 0:00:03]} 57. Kd4 {[%emt 0:01:56]} Bc6 $2 {[%emt 0:00:04]} 58. Ke3 $18 {[%emt 0:00:08]} Bh1 {[%emt 0:00:22]} 59. Rc7 {[%emt 0:03:07]} Bc6 {[%emt 0:00:14]} 60. Rc8 {[%emt 0:00:33]} Kg4 {[%emt 0:00:59]} 1/2-1/2

[Event "WTCC-65 2018"]
[Site "Radebeul"]
[Date "2018.07.14"]
[Round "8"]
[White "Bernard, Christophe"]
[Black "Malmdin, Nils-Ake"]
[Result "1/2-1/2"]
[WhiteElo "2253"]
[BlackElo "2138"]
[Annotator "NA"]
[PlyCount "120"]
[EventDate "2018.07.07"]
[EventType "team-tourn"]
[EventCountry "GER"]
[SourceTitle "playchess.com"]
[Source "ChessBase"]
[SourceQuality "1"]
[TimeControl "40/5400+30:1800+30"]

1. d4 {[%emt 0:00:00]} Nf6 {[%emt 0:00:12]} 2. Nf3 {[%emt 0:00:00]} e6 {[%emt 0:01:43]} 3. c4 {[%emt 0:00:20]} c5 {[%emt 0:00:10]} 4. d5 {[%emt 0:05:05]} exd5 {[%emt 0:00:13]} 5. cxd5 {[%emt 0:00:03]} d6 {[%emt 0:00:23]} 6. Nc3 {[%emt 0:00:03]} g6 {[%emt 0:00:28]} 7. e4 {[%emt 0:00:37]} Bg7 {[%emt 0:00:47]} 8. h3 {[%emt 0:00:36]} O-O {[%emt 0:01:46]} 9. Bd3 {[%emt 0:05:43]} a6 {[%emt 0:06:06]} 10. a4 {[%emt 0:00:31]} Re8 {[%emt 0:00:49]} 11. O-O {[%emt 0:00:35]} Nbd7 {[%emt 0:04:08]} 12. Re1 {[%emt 0:01:52]} Qe7 {[%emt 0:21:09]} 13. Bf4 {[%emt 0:12:50]} Nh5 {[%emt 0:01:23]} 14. Bg5 {[%emt 0:00:31]} Bf6 {[%emt 0:02:02]} 15. Bd2 {[%emt 0:02:50]} Ne5 {[%emt 0:06:59]} 16. Be2 {[%emt 0:00:09]} Nxf3+ {[%emt 0:06:48]} 17. Bxf3 {[%emt 0:00:09]} Ng7 {[%emt 0:00:10]} 18. Qc2 {[%emt 0:03:19]} Rb8 {[%emt 0:01:33]} 19. a5 {[%emt 0:03:50]} Be5 {[%emt 0:12:06]} 20. Na4 {[%emt 0:06:24]} Bd7 {[%emt 0:08:34]} 21. Nb6 {[%emt 0:01:28]} Bb5 {[%emt 0:00:25]} 22. Bc3 {[%emt 0:01:12]} Qf6 {[%emt 0:01:49]} 23. Rac1 {[%emt 0:03:20]} Qf4 {[%emt 0:03:16]} 24. Bxe5 {[%emt 0:00:15]} Rxe5 {[%emt 0:02:19]} 25. Qc3 {[%emt 0:02:51]} Qh6 {[%emt 0:02:44]} 26. b4 {[%emt 0:01:18]} Rbe8 {[%emt 0:04:08]} 27. bxc5 {[%emt 0:06:33]} dxc5 {[%emt 0:00:16]} 28. d6 {[%emt 0:06:54]} Qg5 {[%emt 0:02:48]} 29. Nd5 {[%emt 0:01:38]} Qd8 {[%emt 0:00:44]} 30. Ne7+ {[%emt 0:00:18]} R8xe7 {[%emt 0:00:06]} 31. dxe7 {[%emt 0:00:11]} Qxe7 {[%emt 0:00:21]} 32. Red1 {[%emt 0:00:08]} Bc6 {[%emt 0:01:08]} 33. g3 {[%emt 0:17:39]} Ne8 {[%emt 0:01:32]} 34. Bg2 {[%emt 0:00:21]} h5 {[%emt 0:02:19]} 35. f4 {[%emt 0:01:35]} Rxe4 {[%emt 0:01:03]} 36. Re1 {[%emt 0:01:08]} Nf6 {[%emt 0:00:20]} 37. Bxe4 {[%emt 0:00:48]} Nxe4 {[%emt 0:00:12]} 38. Qe5 {[%emt 0:01:37]} Qd7 {[%emt 0:02:33]} 39. Rcd1 {[%emt 0:06:02]} Nd2 {[%emt 0:00:39]} 40. Qe8+ {[%emt 0:00:08]} Qxe8 {[%emt 0:00:38]} 41. Rxe8+ {[%emt 0:30:02]} Bxe8 {[%emt 0:30:01]} 42. Rxd2 {[%emt 0:00:01]} Bb5 {[%emt 0:01:16]} 43. Rd8+ {[%emt 0:00:11]} Kg7 {[%emt 0:00:21]} 44. Rd5 {[%emt 0:00:18]} c4 {[%emt 0:00:42]} 45. Kf2 {[%emt 0:00:01]} Kf6 {[%emt 0:00:00]} 46. Ke3 {[%emt 0:00:00]} Ke6 {[%emt 0:00:00]} 47. Kd4 {[%emt 0:00:00]} Ke7 {[%emt 0:00:00]} 48. h4 {[%emt 0:00:00]} f6 {[%emt 0:00:00]} 49. Rc5 {[%emt 0:00:00]} Ke6 {[%emt 0:00:00]} 50. Rc7 {[%emt 0:00:00]} Bc6 {[%emt 0:00:00]} 51. Kxc4 {[%emt 0:00:00]} Kf5 {[%emt 0:00:59]} 52. Rg7 {[%emt 0:00:00]} Be4 {[%emt 0:00:13]} 53. Kd4 {[%emt 0:00:00]} Bf3 {[%emt 0:00:33]} 54. Kc5 {[%emt 0:00:00]} Be4 {[%emt 0:00:36]} 55. Re7 {[%emt 0:00:00]} Bf3 {[%emt 0:00:37]} 56. Rg7 {[%emt 0:00:00]} Be4 {[%emt 0:00:03]} 57. Kd4 {[%emt 0:01:56]} Bc6 {[%emt 0:00:04]} 58. Ke3 {[%emt 0:00:08]} Bh1 {[%emt 0:00:22]} 59. Rc7 {[%emt 0:03:07]} Bc6 {[%emt 0:00:14]} 60. Rc8 {[%emt 0:00:33]} Kg4 {[%emt 0:00:59]} 1/2-1/2

[Event "WTCC-65 2018"]
[Site "Radebeul"]
[Date "2018.07.14"]
[Round "8"]
[White "Bartsch, Berthold"]
[Black "Emerson, Roger"]
[Result "1-0"]
[WhiteElo "2248"]
[BlackElo "2211"]
[Annotator "NA"]
[PlyCount "71"]
[EventDate "2018.07.07"]
[EventType "team-tourn"]
[EventCountry "GER"]
[SourceTitle "playchess.com"]
[Source "ChessBase"]
[SourceQuality "1"]
[TimeControl "40/5400+30:1800+30"]

1. g3 {[%emt 0:03:12]} d5 {[%emt 0:05:10]} 2. Bg2 {[%emt 0:00:08]} e5 {[%emt 0:00:19]} 3. c4 {[%emt 0:07:29]} dxc4 {[%emt 0:00:45]} 4. Na3 {[%emt 0:01:22]} Bxa3 {[%emt 0:06:34]} 5. bxa3 {[%emt 0:02:45]} c6 {[%emt 0:05:28]} 6. Rb1 {[%emt 0:18:10]} Ne7 {[%emt 0:08:16]} 7. Qc2 {[%emt 0:02:02]} Bf5 {[%emt 0:02:23]} 8. e4 {[%emt 0:01:31]} Bc8 $11 {[%emt 0:03:55]} ({Besser ist} 8... Be6 $15) 9. Qxc4 {[%emt 0:00:21]} b6 {[%emt 0:03:56]} 10. Bb2 {[%emt 0:03:47]} Ng6 {[%emt 0:02:35]} 11. h4 {[%emt 0:03:12]} h5 {[%emt 0:05:25]} 12. Nf3 {[%emt 0:06:50]} Ba6 {[%emt 0:08:26]} 13. Qc3 {[%emt 0:01:50]} Qd3 {[%emt 0:02:50]} 14. Qxd3 {[%emt 0:00:42]} Bxd3 {[%emt 0:00:10]} 15. Rc1 {[%emt 0:00:08]} f6 {[%emt 0:01:59]} 16. Ng1 {[%emt 0:01:29]} c5 {[%emt 0:04:27]} 17. Ne2 {[%emt 0:01:32]} Nc6 {[%emt 0:01:29]} 18. Bf3 {[%emt 0:03:23]} O-O-O {[%emt 0:04:05]} 19. Bc3 {[%emt 0:00:46]} Nd4 {[%emt 0:01:10]} 20. Bxd4 {[%emt 0:07:33]} exd4 {[%emt 0:00:09]} 21. Bg2 {[%emt 0:03:03]} Kc7 {[%emt 0:01:28]} 22. Nf4 {[%emt 0:02:36]} Nxf4 {[%emt 0:00:32]} 23. gxf4 {[%emt 0:00:01]} Rhe8 {[%emt 0:07:23]} 24. f3 {[%emt 0:01:08]} f5 {[%emt 0:00:14]} 25. e5 {[%emt 0:00:15]} Re6 {[%emt 0:00:32]} 26. Kf2 {[%emt 0:00:11]} Kc6 {[%emt 0:00:48]} 27. Rhg1 {[%emt 0:02:57]} g6 {[%emt 0:00:30]} 28. Bf1 {[%emt 0:02:11]} Bxf1 {[%emt 0:00:41]} 29. Kxf1 {[%emt 0:00:02]} Kd5 {[%emt 0:01:19]} 30. d3 {[%emt 0:00:34]} b5 {[%emt 0:01:49]} 31. Rg2 {[%emt 0:01:04]} c4 {[%emt 0:03:58]} 32. Rb2 {[%emt 0:05:32]} Rb6 {[%emt 0:06:55]} 33. Rxb5+ {[%emt 0:00:56]} Rxb5 {[%emt 0:00:06]} 34. dxc4+ {[%emt 0:00:04]} Kc5 {[%emt 0:00:12]} 35. cxb5+ {[%emt 0:00:06]} Kxb5 {[%emt 0:00:11]} 36. Ke2 {[%emt 0:00:24]} 1-0

[Event "WTCC-65 2018"]
[Site "Radebeul"]
[Date "2018.07.14"]
[Round "8"]
[White "Shushpanov, Vladimir"]
[Black "Gruzmann, Boris"]
[Result "1-0"]
[WhiteElo "2198"]
[BlackElo "2176"]
[Annotator "NA"]
[PlyCount "119"]
[EventDate "2018.07.07"]
[EventType "team-tourn"]
[EventCountry "GER"]
[SourceTitle "playchess.com"]
[Source "ChessBase"]
[SourceQuality "1"]
[TimeControl "40/5400+30:1800+30"]

1. e4 {[%emt 0:00:00]} e5 {[%emt 0:00:00]} 2. Nf3 {[%emt 0:00:00]} Nc6 {[%emt 0:00:00]} 3. c3 {[%emt 0:00:00]} Nf6 {[%emt 0:00:47]} 4. d4 {[%emt 0:00:10]} exd4 {[%emt 0:06:23]} 5. e5 {[%emt 0:00:24]} Ne4 {[%emt 0:00:27]} 6. cxd4 {[%emt 0:00:52]} d5 {[%emt 0:01:06]} 7. Nc3 {[%emt 0:03:51] C44: Ponziani Opening and Scotch Gambit} Bb4 {[%emt 0:09:47]} (7... Bg4 8. h3 Bh5 9. Be3 Be7 10. Bd3 Bg6 11. O-O O-O 12. Rc1 Qd7 13. Ne2 Nd8 14. Nf4 Ne6 15. Nxg6 fxg6 16. Bxe4 dxe4 {1-0 (57) Nepomniachtchi,I (2719)-Sjugirov,S (2665) Almaty 2016}) 8. Qb3 {[%emt 0:06:30]} O-O {[%emt 0:01:21]} 9. Be3 {[%emt 0:05:59]} a5 {[%emt 0:07:03]} 10. a3 {[%emt 0:06:36]} Bxc3+ {[%emt 0:01:27]} 11. bxc3 {[%emt 0:00:04]} a4 $146 {[%emt 0:00:32]} ({Predecessor:} 11... Bf5 12. a4 b6 13. Be2 f6 14. exf6 Rxf6 {½-½ (35) House,G (2207)-Kaabi,M (2330) Monastir 2013}) 12. Qc2 {[%emt 0:03:31]} Bf5 {[%emt 0:04:04]} 13. Bd3 {[%emt 0:04:07]} Na5 {[%emt 0:16:46]} 14. O-O {[%emt 0:05:32]} Nb3 {[%emt 0:05:03]} 15. Ra2 {[%emt 0:01:42]} c6 {[%emt 0:00:11]} 16. Ne1 {[%emt 0:04:02]} Bg6 {[%emt 0:05:21]} 17. f3 {[%emt 0:06:13]} Ng5 {[%emt 0:00:33]} 18. h4 {[%emt 0:02:30]} Ne6 {[%emt 0:05:52]} 19. h5 {[%emt 0:01:06]} Bxd3 {[%emt 0:00:59]} 20. Nxd3 {[%emt 0:00:19]} c5 {[%emt 0:05:10]} 21. Qf2 {[%emt 0:02:50]} Qa5 {[%emt 0:03:56]} 22. Rc2 {[%emt 0:03:36]} Qb5 {[%emt 0:00:31]} 23. Rd1 {[%emt 0:01:55]} Rac8 {[%emt 0:01:00]} 24. dxc5 {[%emt 0:02:10]} Rfd8 {[%emt 0:04:55]} 25. Nb4 {[%emt 0:05:13]} Qc4 {[%emt 0:01:58]} 26. Qf1 {[%emt 0:02:51]} Qxf1+ {[%emt 0:07:32]} 27. Kxf1 {[%emt 0:00:30]} d4 {[%emt 0:00:41]} 28. cxd4 {[%emt 0:00:43]} Nexd4 {[%emt 0:00:12]} 29. Bxd4 {[%emt 0:05:23]} Rxd4 {[%emt 0:02:16]} 30. Rxd4 {[%emt 0:00:42]} Nxd4 {[%emt 0:00:03]} 31. Rd2 {[%emt 0:03:57]} Nb3 {[%emt 0:01:22]} 32. Rd1 {[%emt 0:05:18]} Nxc5 {[%emt 0:00:28]} 33. Rc1 {[%emt 0:00:16]} Kf8 {[%emt 0:01:21]} 34. Nd3 {[%emt 0:00:27]} b6 {[%emt 0:00:32]} 35. Nxc5 {[%emt 0:00:14]} bxc5 {[%emt 0:02:44]} 36. Rc4 {[%emt 0:02:13]} Ke7 {[%emt 0:00:06]} 37. Ke2 {[%emt 0:00:30]} Ke6 {[%emt 0:00:27]} 38. Rxa4 {[%emt 0:01:38]} Kxe5 {[%emt 0:00:13]} 39. Ra7 {[%emt 0:00:43]} Rf8 {[%emt 0:03:47]} 40. Kd3 {[%emt 0:01:04]} Kf4 {[%emt 0:00:39]} 41. Ra4+ {[%emt 0:30:20]} Kg5 {[%emt 0:32:02]} 42. Rc4 {[%emt 0:02:28]} Rc8 {[%emt 0:00:00]} 43. g4 {[%emt 0:00:00]} f5 {[%emt 0:00:00]} 44. a4 {[%emt 0:00:00]} g6 {[%emt 0:00:00]} 45. hxg6 {[%emt 0:00:00]} hxg6 {[%emt 0:00:00]} 46. a5 {[%emt 0:00:00]} Kf6 {[%emt 0:00:00]} 47. a6 {[%emt 0:00:00]} Ke5 {[%emt 0:00:00]} 48. a7 {[%emt 0:00:00]} Kd5 {[%emt 0:00:00]} 49. Ra4 {[%emt 0:00:00]} Ra8 {[%emt 0:00:00]} 50. g5 {[%emt 0:00:00]} c4+ {[%emt 0:03:35]} 51. Kc3 {[%emt 0:00:00]} Ke5 {[%emt 0:00:04]} 52. Kxc4 {[%emt 0:00:00]} Kf4 {[%emt 0:00:07]} 53. Kb5+ {[%emt 0:00:00]} Kxf3 {[%emt 0:00:11]} 54. Kb6 {[%emt 0:00:00]} f4 {[%emt 0:00:11]} 55. Kb7 {[%emt 0:00:00]} Rxa7+ {[%emt 0:02:35]} 56. Rxa7 {[%emt 0:00:00]} Kg4 {[%emt 0:00:08]} 57. Kc6 {[%emt 0:00:00]} Kxg5 {[%emt 0:00:12]} 58. Kd5 {[%emt 0:00:00]} Kg4 {[%emt 0:00:59]} 59. Ke4 {[%emt 0:00:00]} g5 {[%emt 0:00:27]} 60. Rg7 {[%emt 0:00:00]} 1-0

[Event "WTCC-65 2018"]
[Site "Radebeul"]
[Date "2018.07.14"]
[Round "8"]
[White "Vucenovic, Dragomir"]
[Black "Singer, Hans"]
[Result "1-0"]
[WhiteElo "2186"]
[BlackElo "2175"]
[Annotator "NA"]
[PlyCount "82"]
[EventDate "2018.07.07"]
[EventType "team-tourn"]
[EventCountry "GER"]
[SourceTitle "playchess.com"]
[Source "ChessBase"]
[SourceQuality "1"]
[TimeControl "40/5400+30:1800+30"]

1. d4 {[%emt 0:00:00]} d5 {[%emt 0:00:00]} 2. Nf3 {[%emt 0:00:00]} Nf6 {[%emt 0:00:46]} 3. g3 {[%emt 0:00:03]} e6 {[%emt 0:00:59]} 4. Bg2 {[%emt 0:00:17]} c5 {[%emt 0:00:06]} 5. O-O {[%emt 0:00:21]} Nc6 {[%emt 0:00:57]} 6. c4 {[%emt 0:00:43]} Be7 {[%emt 0:00:50]} 7. Nc3 {[%emt 0:02:48]} O-O {[%emt 0:03:43]} 8. cxd5 {[%emt 0:02:23]} exd5 {[%emt 0:00:03]} 9. Bf4 {[%emt 0:07:52]} cxd4 {[%emt 0:05:32]} 10. Nxd4 {[%emt 0:00:27]} Qb6 {[%emt 0:00:33]} 11. Nxc6 {[%emt 0:06:02]} bxc6 {[%emt 0:00:11]} 12. b3 {[%emt 0:03:54]} Bg4 {[%emt 0:06:41]} 13. Qc2 {[%emt 0:04:17]} Bh5 {[%emt 0:04:36]} 14. Na4 {[%emt 0:20:36]} Qa6 {[%emt 0:00:58]} 15. Rfc1 {[%emt 0:06:44]} Rac8 {[%emt 0:05:06]} 16. Bh3 {[%emt 0:02:45]} Bg4 {[%emt 0:00:24]} 17. Bxg4 {[%emt 0:02:47]} Nxg4 {[%emt 0:00:03]} 18. Qd2 {[%emt 0:07:37]} Nf6 {[%emt 0:00:42]} 19. Qd3 {[%emt 0:00:24]} Qb7 {[%emt 0:06:47]} 20. Be3 {[%emt 0:01:21]} Rfe8 {[%emt 0:01:54]} 21. Nc5 {[%emt 0:06:08]} Bxc5 {[%emt 0:01:47]} 22. Bxc5 {[%emt 0:00:07]} Ne4 {[%emt 0:04:10]} 23. Rc2 {[%emt 0:00:33]} h5 {[%emt 0:05:47]} 24. Rac1 {[%emt 0:03:03]} Qd7 {[%emt 0:07:01]} 25. Qf3 {[%emt 0:07:21]} h4 {[%emt 0:05:56]} 26. Bd4 {[%emt 0:02:28]} hxg3 {[%emt 0:05:17]} 27. hxg3 {[%emt 0:00:14]} Re6 {[%emt 0:02:08]} 28. Qg4 {[%emt 0:01:16]} f6 {[%emt 0:03:08]} 29. Kg2 {[%emt 0:00:35]} Rce8 {[%emt 0:01:38]} 30. Rh1 {[%emt 0:01:39]} Qf7 {[%emt 0:03:30]} 31. Qh5 {[%emt 0:01:44]} Qxh5 {[%emt 0:00:25]} 32. Rxh5 {[%emt 0:00:05]} a5 {[%emt 0:04:18]} 33. Rh1 {[%emt 0:00:42]} c5 {[%emt 0:03:03]} 34. Bb2 {[%emt 0:01:06]} Rc6 {[%emt 0:00:54]} 35. Rd1 {[%emt 0:01:18]} d4 {[%emt 0:03:02]} 36. Rxd4 {[%emt 0:01:59]} Ng5 {[%emt 0:00:20]} 37. Ra4 {[%emt 0:00:41]} Ra8 {[%emt 0:00:21]} 38. Bd4 {[%emt 0:01:37]} Ne6 {[%emt 0:00:12]} 39. Be3 {[%emt 0:00:17]} Kf7 {[%emt 0:00:36]} 40. b4 {[%emt 0:00:32]} c4 {[%emt 0:05:54]} 41. b5 {[%emt 0:30:16]} Rcc8 {[%emt 0:30:47]} 1-0

[Event "WTCC-65 2018"]
[Site "Radebeul"]
[Date "2018.07.14"]
[Round "8"]
[White "Boehm, Erwin"]
[Black "Oechslein, Rainer"]
[Result "1/2-1/2"]
[WhiteElo "2181"]
[BlackElo "2228"]
[Annotator "NA"]
[PlyCount "81"]
[EventDate "2018.07.07"]
[EventType "team-tourn"]
[EventCountry "GER"]
[SourceTitle "playchess.com"]
[Source "ChessBase"]
[SourceQuality "1"]
[TimeControl "40/5400+30:1800+30"]

1. e4 {[%emt 0:00:00]} c5 {[%emt 0:00:12]} 2. b3 {[%emt 0:00:00]} Nc6 {[%emt 0:00:27]} 3. Bb2 {[%emt 0:00:00]} e6 {[%emt 0:01:04]} 4. Nf3 {[%emt 0:01:07]} d6 {[%emt 0:01:50]} 5. Bb5 {[%emt 0:00:40]} Bd7 {[%emt 0:01:43]} 6. O-O {[%emt 0:02:49]} Nf6 {[%emt 0:00:43]} 7. Bxc6 {[%emt 0:01:31] B50: Sizilianisch (Verschiedenes mit 2...d6)} Bxc6 {[%emt 0:00:22]} 8. e5 {[%emt 0:00:05]} Nd5 {[%emt 0:04:02]} 9. exd6 {[%emt 0:04:14]} Bxd6 {[%emt 0:01:40]} 10. Ne5 $146 {[%emt 0:00:52]} ({Vorgänger:} 10. Na3 O-O 11. Nc4 Bc7 12. Nce5 Be8 13. d4 f6 14. Nd3 cxd4 15. Nxd4 {1-0 (66) Fernandez,D (2500)-Arakhamia Grant,K (2350) London 2017}) 10... Bxe5 {[%emt 0:01:58]} 11. Bxe5 {[%emt 0:00:04]} Qg5 {[%emt 0:01:33]} 12. Bg3 {[%emt 0:05:38]} Nf4 {[%emt 0:06:38]} 13. f3 {[%emt 0:00:49]} Rd8 {[%emt 0:03:46]} 14. Qe1 {[%emt 0:08:45]} Ng6 {[%emt 0:16:25]} 15. d3 {[%emt 0:11:36]} O-O {[%emt 0:06:17]} 16. Nd2 {[%emt 0:01:57]} h5 {[%emt 0:10:25]} 17. Ne4 {[%emt 0:14:44]} Qe7 {[%emt 0:00:28]} 18. h3 {[%emt 0:03:22]} b6 {[%emt 0:02:01]} 19. Qe2 {[%emt 0:07:26]} e5 {[%emt 0:05:37]} 20. Rae1 {[%emt 0:03:19]} Rfe8 {[%emt 0:00:32]} 21. f4 {[%emt 0:05:28]} exf4 {[%emt 0:02:45]} 22. Bxf4 {[%emt 0:00:08]} Bxe4 {[%emt 0:13:03]} 23. Qxe4 {[%emt 0:12:47]} Qxe4 {[%emt 0:00:45]} 24. Rxe4 {[%emt 0:00:09]} Rxe4 {[%emt 0:00:25]} 25. dxe4 {[%emt 0:00:15]} Nxf4 {[%emt 0:00:35]} 26. Rxf4 {[%emt 0:00:08]} Rd1+ {[%emt 0:00:44]} 27. Rf1 {[%emt 0:00:12]} Rxf1+ {[%emt 0:03:17]} 28. Kxf1 {[%emt 0:00:05]} Kf8 {[%emt 0:00:07]} 29. Kf2 {[%emt 0:00:19]} Ke7 {[%emt 0:00:13]} 30. Kf3 {[%emt 0:01:01]} Kf6 {[%emt 0:00:39]} 31. Kf4 {[%emt 0:04:01]} g5+ {[%emt 0:00:31]} 32. Ke3 {[%emt 0:02:43]} Ke5 {[%emt 0:05:01]} 33. g3 {[%emt 0:03:47]} b5 {[%emt 0:02:28]} 34. c3 {[%emt 0:00:33]} a6 {[%emt 0:03:52]} 35. a3 $2 {[%emt 0:03:40]} (35. b4 $11) 35... Ke6 {[%emt 0:01:36]} 36. Ke2 {[%emt 0:00:17]} Ke7 {[%emt 0:00:25]} 37. Kf3 {[%emt 0:00:21]} Kd6 $11 {[%emt 0:00:21]} 38. Ke2 {[%emt 0:00:24]} Ke7 {[%emt 0:01:15]} 39. Kf3 {[%emt 0:00:13]} Ke6 {[%emt 0:00:16]} 40. Ke2 {[%emt 0:00:07]} Ke5 {[%emt 0:00:24]} 41. Ke3 {[%emt 0:30:25]} 1/2-1/2

[Event "WTCC-65 2018"]
[Site "Radebeul"]
[Date "2018.07.14"]
[Round "8"]
[White "Titz, Heimo"]
[Black "Huss, Andreas"]
[Result "1/2-1/2"]
[WhiteElo "2164"]
[BlackElo "2276"]
[Annotator "ChessBase"]
[PlyCount "101"]
[EventDate "2018.07.07"]
[EventType "team-tourn"]
[EventCountry "GER"]
[SourceTitle "playchess.com"]
[Source "ChessBase"]
[SourceQuality "1"]
[TimeControl "40/5400+30:1800+30"]

1. c4 {[%emt 0:00:00]} e6 {[%emt 0:00:00]} 2. Nf3 {[%emt 0:00:36]} Nf6 {[%emt 0:00:00]} 3. g3 {[%emt 0:01:37]} d5 {[%emt 0:00:38]} 4. d4 {[%emt 0:00:10]} c6 {[%emt 0:00:57]} 5. Bg2 {[%emt 0:01:17]} Be7 {[%emt 0:00:28]} 6. O-O {[%emt 0:01:06]} O-O {[%emt 0:00:11]} 7. cxd5 {[%emt 0:05:59]} cxd5 {[%emt 0:01:15]} 8. Nc3 {[%emt 0:00:41]} Nc6 {[%emt 0:00:09]} 9. Bg5 {[%emt 0:01:32]} h6 {[%emt 0:00:35]} 10. Bxf6 {[%emt 0:00:20]} Bxf6 {[%emt 0:00:07]} 11. e3 {[%emt 0:01:23]} Qb6 {[%emt 0:02:47]} 12. Na4 {[%emt 0:01:31]} Qa5 {[%emt 0:02:40]} 13. a3 {[%emt 0:00:30]} b5 {[%emt 0:02:23]} 14. Nc5 {[%emt 0:00:15]} b4 {[%emt 0:00:30]} 15. axb4 {[%emt 0:00:26]} Qxb4 {[%emt 0:00:16]} 16. Qa4 {[%emt 0:08:00]} Qxa4 {[%emt 0:06:37]} 17. Rxa4 {[%emt 0:00:35]} Rb8 {[%emt 0:14:17]} 18. b3 {[%emt 0:05:49]} Be7 {[%emt 0:05:13]} 19. Rc1 {[%emt 0:00:17]} Bxc5 {[%emt 0:08:05]} 20. Rxc5 {[%emt 0:00:14]} Bd7 {[%emt 0:00:23]} 21. Nd2 {[%emt 0:01:58]} Rb7 {[%emt 0:09:49]} 22. Bf1 {[%emt 0:01:03]} Nb4 {[%emt 0:05:42]} 23. Ra1 {[%emt 0:01:44]} Rfb8 {[%emt 0:01:12]} 24. f3 {[%emt 0:01:01]} Kf8 {[%emt 0:01:27]} 25. Kf2 {[%emt 0:00:32]} Ke7 {[%emt 0:00:33]} 26. Rac1 {[%emt 0:10:48]} Kd6 {[%emt 0:05:31]} 27. e4 {[%emt 0:03:18]} Nc6 {[%emt 0:03:35]} 28. Ke3 {[%emt 0:04:38]} Rb4 {[%emt 0:01:55]} 29. e5+ {[%emt 0:02:24]} Kc7 {[%emt 0:00:35]} 30. Ra1 {[%emt 0:01:28]} Kb6 {[%emt 0:06:34]} 31. Ra6+ {[%emt 0:01:19]} Kb7 {[%emt 0:00:21]} 32. Ra4 {[%emt 0:14:17]} Ka8 {[%emt 0:01:00]} 33. Rxb4 {[%emt 0:06:18]} Rxb4 {[%emt 0:00:18]} 34. Ba6 {[%emt 0:03:11]} Kb8 {[%emt 0:02:56]} 35. Rb5+ {[%emt 0:01:45]} Rxb5 {[%emt 0:00:33]} 36. Bxb5 {[%emt 0:00:10]} Nxe5 {[%emt 0:00:15]} 37. dxe5 {[%emt 0:00:14]} Bxb5 {[%emt 0:00:16]} 38. Kd4 {[%emt 0:00:08]} Kc7 {[%emt 0:00:31]} 39. Kc5 {[%emt 0:00:17]} Be2 {[%emt 0:01:12]} 40. b4 {[%emt 0:00:30]} a6 {[%emt 0:12:07]} 41. f4 {[%emt 0:30:10]} g5 {[%emt 0:08:15]} 42. Nb3 {[%emt 0:00:00]} gxf4 {[%emt 0:00:17]} 43. gxf4 {[%emt 0:00:00]} Kd7 {[%emt 0:00:34]} 44. Kb6 Ke7 45. Nd4 {[%emt 0:00:00]} Bd3 {[%emt 0:00:54]} 46. Kc6 {[%emt 0:00:00]} Kf8 {[%emt 0:03:53]} 47. Kd6 {[%emt 0:00:00]} Kg7 {[%emt 0:00:22]} 48. Ke7 {[%emt 0:00:00]} Bf5 {[%emt 0:05:53]} 49. Kd6 {[%emt 0:00:00]} Kg6 {[%emt 0:02:29]} 50. Ke7 {[%emt 0:00:00]} Bh3 {[%emt 0:06:22]} 51. Kf8 {[%emt 0:00:00]} 1/2-1/2